| 000 | 01043nac a22002777a 4500 | ||
|---|---|---|---|
| 001 | BR6006328 | ||
| 003 | BR-BrBNA | ||
| 005 | 20250212094734.0 | ||
| 008 | 230509b bl.|||m| |||| 00| 0 por d | ||
| 040 |
_aBR-BrBNA _bpor _cBiblioteca Nacional de Agricultura |
||
| 072 | _aD50; E70 | ||
| 090 | _a0312 BR6006328 | ||
| 110 | 1 |
_aServico de Economia Rural, Rio de Janeiro, GB (Brasil); _99315 |
|
| 110 | 1 | _aServico de Informacao Agricola, Rio de Janeiro, GB (Brasil) | |
| 245 | 1 | _aDecreto no. 12060, de 24 de marco de 1943. Aprova as especificacoes e tabelas para a classificacao e fiscalizacao da exportacao da cera de licuri [Brasil] | |
| 260 | 3 |
_aRio de Janeiro, GB (Brasil): _c1943. |
|
| 300 | _a3 p. | ||
| 490 |
_aSIA (Brazil) _vno. 88 |
||
| 650 | _aLegislacao | ||
| 650 | _aComercializacao | ||
| 650 | _aPalmeira oleaginosa | ||
| 650 | _aCera | ||
| 650 | _aControle de qualidade | ||
| 856 | _uhttp://192.168.3.118:8080/bitstream/1/2354/1/DECRETO%20N.12060%2c%20DE%2024%20DE%20MAR%c3%87O%20DE%201943.pdf | ||
| 942 |
_2AGRIS _n0 _cMS |
||
| 999 |
_c262224 _d262224 |
||